000 00432nab a2200145Ia 4500
003 ES-SlBCS
005 20210601125307.0
008 140529s2001 xxu||||| |||| 00| 0 eng d
041 _aeng
100 1 _aTextor, Mark
_9156414
245 0 0 _aPortraying a Proposition
_c Mark Textor
600 1 4 _aCastañeda, Héctor
_9156415
773 0 _tPhilosophy and Phenomenological Research
_gvol. 63, 2001, págs. 137-162
_wRev1411
942 _cAR
999 _c527974
_d527974